<?xml version="1.0" encoding="UTF-8"?><?xml-stylesheet type="text/xsl" href="static/style.xsl"?><OAI-PMH xmlns="http://www.openarchives.org/OAI/2.0/" xmlns:xsi="http://www.w3.org/2001/XMLSchema-instance" xsi:schemaLocation="http://www.openarchives.org/OAI/2.0/ http://www.openarchives.org/OAI/2.0/OAI-PMH.xsd"><responseDate>2026-04-13T07:36:03Z</responseDate><request verb="GetRecord" identifier="oai:www.recercat.cat:2445/145717" metadataPrefix="marc">https://recercat.cat/oai/request</request><GetRecord><record><header><identifier>oai:recercat.cat:2445/145717</identifier><datestamp>2025-12-05T14:55:33Z</datestamp><setSpec>com_2072_1057</setSpec><setSpec>col_2072_478917</setSpec><setSpec>col_2072_478924</setSpec></header><metadata><record xmlns="http://www.loc.gov/MARC21/slim" xmlns:dcterms="http://purl.org/dc/terms/" xmlns:xsi="http://www.w3.org/2001/XMLSchema-instance" xmlns:doc="http://www.lyncode.com/xoai" xsi:schemaLocation="http://www.loc.gov/MARC21/slim http://www.loc.gov/standards/marcxml/schema/MARC21slim.xsd">
   <leader>00925njm 22002777a 4500</leader>
   <datafield ind2=" " ind1=" " tag="042">
      <subfield code="a">dc</subfield>
   </datafield>
   <datafield ind2=" " ind1=" " tag="720">
      <subfield code="a">Nenadis, Nikolaos</subfield>
      <subfield code="e">author</subfield>
   </datafield>
   <datafield ind2=" " ind1=" " tag="720">
      <subfield code="a">Mastralexi, Aspasia</subfield>
      <subfield code="e">author</subfield>
   </datafield>
   <datafield ind2=" " ind1=" " tag="720">
      <subfield code="a">Tsimidou, Maria Z.</subfield>
      <subfield code="e">author</subfield>
   </datafield>
   <datafield ind2=" " ind1=" " tag="720">
      <subfield code="a">Vichi, S. (Stefania)</subfield>
      <subfield code="e">author</subfield>
   </datafield>
   <datafield ind2=" " ind1=" " tag="720">
      <subfield code="a">Quintanilla-Casas, Beatriz</subfield>
      <subfield code="e">author</subfield>
   </datafield>
   <datafield ind2=" " ind1=" " tag="720">
      <subfield code="a">Donarski, James</subfield>
      <subfield code="e">author</subfield>
   </datafield>
   <datafield ind2=" " ind1=" " tag="720">
      <subfield code="a">Bailey-Horne, Victoria</subfield>
      <subfield code="e">author</subfield>
   </datafield>
   <datafield ind2=" " ind1=" " tag="720">
      <subfield code="a">Butinar, Bojan</subfield>
      <subfield code="e">author</subfield>
   </datafield>
   <datafield ind2=" " ind1=" " tag="720">
      <subfield code="a">Miklavčič, Milena</subfield>
      <subfield code="e">author</subfield>
   </datafield>
   <datafield ind2=" " ind1=" " tag="720">
      <subfield code="a">García-González, Diego Luis</subfield>
      <subfield code="e">author</subfield>
   </datafield>
   <datafield ind2=" " ind1=" " tag="720">
      <subfield code="a">Gallina Toschi, Tullia</subfield>
      <subfield code="e">author</subfield>
   </datafield>
   <datafield ind2=" " ind1=" " tag="260">
      <subfield code="c">2019-11-29T07:48:29Z</subfield>
   </datafield>
   <datafield ind2=" " ind1=" " tag="260">
      <subfield code="c">2019-11-29T07:48:29Z</subfield>
   </datafield>
   <datafield ind2=" " ind1=" " tag="260">
      <subfield code="c">2018-09-20</subfield>
   </datafield>
   <datafield ind2=" " ind1=" " tag="260">
      <subfield code="c">2019-11-29T07:48:29Z</subfield>
   </datafield>
   <datafield ind2=" " ind1=" " tag="520">
      <subfield code="a">The determination of the total hydroxytyrosol (Htyr) and tyrosol (Tyr) content of virgin olive oil is of utmost interest for the International Olive Council (IOC), food authorities, producers, and distributors after the issuing of a health claim that "olive oil polyphenols contribute to the protection of blood lipids from oxidative stress." To address the need of a harmonized and standardized protocol the present study focuses on the extraction solvent of the polar fraction. Aqueous mixtures of methanol and acetonitrile of equal polarity are prepared and comparatively examined. Different analytical approaches (Folin‐Ciocalteu assay, reversed phase chromatography‐diode array‐fluorescence detection, LC‐Orbitrap, LC‐TOF, LC‐TQd, 1H‐NMR) are applied to highlight the extracting efficiency of the tested mixtures regarding the phenolic content and composition. The use of acetonitrile does not have a clear positive effect that could compensate its higher cost, commercial availability, and toxicity. The findings justify further why methanol:water, 80:20 v/v should be retained in a future IOC protocol for the accurate and repeatable determination of total Htyr and Tyr content, which is necessary to support the health claim for "olive oil polyphenols." Practical Applications: The development of a harmonized and standardized methodology for the determination of total Htyr and Tyr content in an explicit manner is a request of the olive oil sector. A tool that can be introduced easily in the olive industry and official laboratories for the control of the label that bears a health claim for "olive oil polyphenols," is also requested by the consumers and the IOC. In this view, the present study contributes to the cornerstone that is the standardization of the extraction solvent.</subfield>
   </datafield>
   <datafield tag="653" ind2=" " ind1=" ">
      <subfield code="a">Oli d'oliva</subfield>
   </datafield>
   <datafield tag="653" ind2=" " ind1=" ">
      <subfield code="a">Química dels aliments</subfield>
   </datafield>
   <datafield tag="653" ind2=" " ind1=" ">
      <subfield code="a">Fenols</subfield>
   </datafield>
   <datafield tag="653" ind2=" " ind1=" ">
      <subfield code="a">Olive oil</subfield>
   </datafield>
   <datafield tag="653" ind2=" " ind1=" ">
      <subfield code="a">Food composition</subfield>
   </datafield>
   <datafield tag="653" ind2=" " ind1=" ">
      <subfield code="a">Phenols</subfield>
   </datafield>
   <datafield ind2="0" ind1="0" tag="245">
      <subfield code="a">Toward a harmonized and standardized protocol for the determination of total hydroxytyrosol (Htyr) and tyrosol (Tyr) content in virgin olive oil. Extraction solvent</subfield>
   </datafield>
</record></metadata></record></GetRecord></OAI-PMH>